| 000 | 01051cam a2200277 4500 | ||
|---|---|---|---|
| 001 | WS115380 | ||
| 008 | 011029n 000 0 eng u | ||
| 035 | _a(Sirsi) u115380 | ||
| 110 | _aFederation International Des Geometres | ||
| 245 | _aInternational Federation of Surveyors | ||
| 520 | _aWeb site for this international organisation of surveyors including its annual review, details of its annual conference, links to their 'FIG Bulletin', pages on the history of surveying, a directory of surveying courses and details of task forces. | ||
| 650 | _aINTERNATIONAL | ||
| 650 | _aORGANISATION | ||
| 650 | _aFEDERATION INTERNATIONALE DES GEOMETRES | ||
| 650 | _aFIG | ||
| 650 | _aHISTORY | ||
| 650 | _aCAREERS, EDUCATION AND TRAINING | ||
| 650 | _aCOURSES | ||
| 650 | _aSTANDARDS | ||
| 650 | _aMUTUAL RECOGNITION | ||
| 650 |
_aEnvironment _96238 |
||
| 650 | _aSUSTAINABLE DEVELOPMENT | ||
| 690 |
_aGEOMATICS _96242 |
||
| 856 | 4 | 0 |
_uhttps://www.fig.net/FIGTREE _zView the website free of charge at www.fig.net/FIGTREE... |
| 942 | _n0 | ||
| 999 |
_c119948 _d119948 |
||